Manual de consultora̕ en psicologa̕ y psicopatologa̕ cln̕ica, legal, jurd̕ica, criminal y forense

Detalles Bibliográficos
Autor principal: Tiffon Nonis, Bernat-Noèel 1972-
Formato: Desconocido
Lenguaje:español
Publicado: Barcelona : Bosch Editor, 2008
Materias:
Acceso en línea:Acceso restringido

MARC

LEADER 00000ny a22000003n 4500
003 CaPaEBR
005 20110623125624.0
006 m u
007 cr cn|||||||||
008 200807r2008 sp |||||s|||||||||||spa d
020 |a 9788476988121 
035 |a 2165 
040 |a FlNmELB  |c FlNmELB  |d vlex 
050 1 4 |a BF121  |b T565 2008eb 
080 |a 159.9:340.6 
090 |c 1222  |d 1222 
100 1 |a Tiffon Nonis, Bernat-NoeÌ€el  |d 1972- 
245 1 0 |a Manual de consultora̕ en psicologa̕ y psicopatologa̕ cln̕ica, legal, jurd̕ica, criminal y forense  |h [Recurso electrn̤ico] 
256 |a Servicio en ln̕ea 
260 |a Barcelona :  |b Bosch Editor,  |c 2008 
300 |a 10-366 p 
506 1 |a Contenido solo disponible en los productos indicados  |d vLex Global  |d vLex Global (Academic Edition, excluding Law Schools)  |d vLex Global (U.S. Academic Edition, Law Schools)  |d vLex Global (U.S. Academic Edition, excluding Law Schools)  |d vLex Global (Academic Edition, Law Schools) 
650 0 7 |2 Tesauro vLex  |a Medicina Legal 
650 0 7 |2 Tesauro vLex  |a Penal 
650 0 7 |2 Tesauro vLex  |a Escuela de medicina legal 
740 0 |a vLex Libros (Servicios en ln̕ea) 
856 4 0 |z Acceso restringido  |u http://vlex.com/source/2165 
942 |c BOOK